[Event "2nd Du Te Cup 2018"]
[Site "Shenzhen CHN"]
[Date "2018.11.04"]
[Round "1.1"]
[White "Giri, Anish"]
[Black "Ding, Liren"]
[Result "1/2-1/2"]
[WhiteTitle "GM"]
[BlackTitle "GM"]
[WhiteElo "2780"]
[BlackElo "2816"]
[WhiteFideId "24116068"]
[BlackFideId "8603677"]
[EventDate "2018.11.04"]

1. e4 e5 2. Nf3 Nc6 3. Bb5 a6 4. Ba4 Nf6 5. O-O Be7 6. d3 b5 7. Bb3 d6 8. a3 O-O
9. Nc3 Bg4 10. Be3 Nd4 11. Bxd4 exd4 12. Nd5 c5 13. a4 Be6 14. Nxf6+ Bxf6 15.
Bxe6 fxe6 16. g3 Qd7 17. axb5 axb5 18. Kg2 Qc6 19. Qe2 c4 20. h4 c3 21. b3 e5
22. Ng1 b4 23. Rxa8 Rxa8 24. f4 exf4 25. gxf4 Bxh4 26. Qg4 d5 27. e5 Qg6 28.
Qxg6 hxg6 29. Nf3 Be7 30. Kg3 Kf7 31. Kg4 Ra2 32. Rf2 Ra1 33. Re2 Rf1 34. Rh2
Rc1 35. Rg2 Bc5 36. Ng5+ Ke7 37. Nf3 Kf7 38. Ng5+ Ke7 39. Nf3 1/2-1/2

[Event "2nd Du Te Cup 2018"]
[Site "Shenzhen CHN"]
[Date "2018.11.04"]
[Round "1.2"]
[White "Yu, Yangyi"]
[Black "Wojtaszek, Radoslaw"]
[Result "1/2-1/2"]
[WhiteTitle "GM"]
[BlackTitle "GM"]
[WhiteElo "2764"]
[BlackElo "2749"]
[WhiteFideId "8603820"]
[BlackFideId "1118358"]
[EventDate "2018.11.04"]

1. d4 Nf6 2. c4 e6 3. Nc3 Bb4 4. a3 Bxc3+ 5. bxc3 c5 6. f3 Nc6 7. e4 d6 8. Ne2
e5 9. d5 Ne7 10. h4 h5 11. Ng3 Bd7 12. Bd2 Qc7 13. a4 O-O-O 14. a5 Rdf8 15. Bd3
Kb8 16. Bc2 Nfg8 17. O-O Ng6 18. Nf5 N8e7 19. f4 exf4 20. Nxe7 Nxe7 21. Bxf4 f6
22. Bg3 Ng6 23. Ba4 Re8 24. Bxd7 Qxd7 25. Qa4 Kc8 26. Qxd7+ Kxd7 27. Rab1 Kc7
28. Rb5 Ne5 29. Rfb1 Rb8 30. Bxe5 fxe5 31. Rf1 Rhf8 32. Rb2 Rxf1+ 33. Kxf1 Rf8+
34. Rf2 Rxf2+ 35. Kxf2 b6 36. Ke2 1/2-1/2

[Event "2nd Du Te Cup 2018"]
[Site "Shenzhen CHN"]
[Date "2018.11.05"]
[Round "2.1"]
[White "Wojtaszek, Radoslaw"]
[Black "Vitiugov, Nikita"]
[Result "1/2-1/2"]
[WhiteTitle "GM"]
[BlackTitle "GM"]
[WhiteElo "2749"]
[BlackElo "2709"]
[WhiteFideId "1118358"]
[BlackFideId "4152956"]
[EventDate "2018.11.04"]

1. d4 d5 2. c4 c6 3. Nf3 Nf6 4. Nc3 e6 5. Bg5 h6 6. Bxf6 Qxf6 7. e3 g6 8. Be2
Bg7 9. O-O O-O 10. Rc1 Nd7 11. cxd5 exd5 12. b4 a6 13. a4 Qd6 14. b5 axb5 15.
axb5 Nb6 16. Qb3 Rb8 17. bxc6 bxc6 18. Na4 Nxa4 19. Qxa4 Bd7 20. Ne1 Ra8 21. Qc2
Ra3 22. Nd3 Rfa8 23. Nc5 Ra2 24. Qd1 Be8 25. Rc2 Bf8 26. Qd2 Rxc2 27. Qxc2 Qc7
28. g3 Qa7 29. Rc1 Bxc5 30. Qxc5 Qxc5 31. Rxc5 Kf8 32. g4 Bd7 33. Kg2 Ke7 34. h4
Ra1 35. Rc2 Ra5 36. Kg3 Ra1 37. Rb2 Rg1+ 38. Kh2 Ra1 39. Bf3 Ra8 40. Kg3 Kd6 41.
Rb1 Be6 42. Rb7 g5 43. Rb1 Rc8 44. Rc1 c5 45. dxc5+ 1/2-1/2

[Event "2nd Du Te Cup 2018"]
[Site "Shenzhen CHN"]
[Date "2018.11.05"]
[Round "2.2"]
[White "Giri, Anish"]
[Black "Yu, Yangyi"]
[Result "1/2-1/2"]
[WhiteTitle "GM"]
[BlackTitle "GM"]
[WhiteElo "2780"]
[BlackElo "2764"]
[WhiteFideId "24116068"]
[BlackFideId "8603820"]
[EventDate "2018.11.04"]

1. e4 e5 2. Nf3 Nf6 3. Nxe5 d6 4. Nf3 Nxe4 5. Nc3 Nf6 6. d4 Be7 7. Bd3 O-O 8.
O-O Nc6 9. Re1 Nb4 10. Bc4 d5 11. Bb3 c6 12. Ne2 Ne4 13. c3 Na6 14. Ng3 Nd6 15.
Bc2 Nc7 16. Ne5 g6 17. Bh6 Re8 18. Re3 Bg5 19. Bxg5 Qxg5 20. Bd3 f6 21. Nf3 Qh6
22. Rxe8+ Ncxe8 23. Qe2 Qf8 24. h4 Ng7 25. h5 g5 26. Qc2 h6 27. Re1 Be6 28. Bh7+
Kh8 29. Qg6 Bf7 30. Qxh6 Nxh5 31. Qxf8+ Rxf8 32. Nxh5 Bxh5 33. Bd3 1/2-1/2

[Event "2nd Du Te Cup 2018"]
[Site "Shenzhen CHN"]
[Date "2018.11.06"]
[Round "3.2"]
[White "Yu, Yangyi"]
[Black "Ding, Liren"]
[Result "1/2-1/2"]
[WhiteTitle "GM"]
[BlackTitle "GM"]
[WhiteElo "2764"]
[BlackElo "2816"]
[WhiteFideId "8603820"]
[BlackFideId "8603677"]
[EventDate "2018.11.04"]

1. e4 e5 2. Nf3 Nc6 3. Bb5 a6 4. Ba4 Nf6 5. O-O Be7 6. d3 b5 7. Bb3 d6 8. a3 O-O
9. Nc3 Na5 10. Ba2 Be6 11. Bxe6 fxe6 12. b4 Nc6 13. Bd2 d5 14. Re1 Qd6 15. Qe2
Nd7 16. Na2 Nb6 17. Nc1 Rf7 18. Nb3 Raf8 19. Rf1 Qd7 20. Rae1 Bd6 21. c3 h6 22.
Be3 Na4 23. Rc1 Rxf3 24. gxf3 Qf7 25. Kh1 Qh5 26. Rg1 d4 27. Bd2 dxc3 28. Bxc3
Nd4 29. Qd1 Rf4 30. Rg2 Nxc3 31. Rxc3 Rh4 32. Nd2 Rh3 33. Nf1 Qxf3 34. Qxf3 Rxf3
35. Nd2 Rf4 36. Nb3 Kf7 37. Nc5 Ne2 38. Rc2 Nd4 39. Rc1 Bxc5 40. Rxc5 c6 41.
Rxe5 g5 42. Rc5 Kf6 43. Kg1 h5 44. h3 1/2-1/2

[Event "2nd Du Te Cup 2018"]
[Site "Shenzhen CHN"]
[Date "2018.11.06"]
[Round "3.3"]
[White "Vitiugov, Nikita"]
[Black "Giri, Anish"]
[Result "1/2-1/2"]
[WhiteTitle "GM"]
[BlackTitle "GM"]
[WhiteElo "2709"]
[BlackElo "2780"]
[WhiteFideId "4152956"]
[BlackFideId "24116068"]
[EventDate "2018.11.04"]

1. d4 Nf6 2. c4 e6 3. Nc3 Bb4 4. Qc2 d5 5. a3 Bxc3+ 6. Qxc3 O-O 7. Bg5 dxc4 8.
Qxc4 b6 9. Rd1 Ba6 10. Qa4 h6 11. Bh4 Qe7 12. Nf3 Rd8 13. e3 Bxf1 14. Rxf1 c5
15. dxc5 Rxd1+ 16. Qxd1 g5 17. Bg3 Qxc5 18. Qd8+ Kg7 19. Be5 Qc1+ 20. Ke2 Qc4+
21. Ke1 Qc1+ 22. Ke2 Qc4+ 23. Ke1 Qc1+ 1/2-1/2

[Event "2nd Du Te Cup 2018"]
[Site "Shenzhen CHN"]
[Date "2018.11.07"]
[Round "4.1"]
[White "Vitiugov, Nikita"]
[Black "Ding, Liren"]
[Result "1/2-1/2"]
[WhiteTitle "GM"]
[BlackTitle "GM"]
[WhiteElo "2709"]
[BlackElo "2816"]
[WhiteFideId "4152956"]
[BlackFideId "8603677"]
[EventDate "2018.11.04"]

1. d4 Nf6 2. c4 g6 3. g3 c6 4. Bg2 d5 5. Nd2 Bg7 6. Ngf3 O-O 7. O-O a5 8. b3 a4
9. Ba3 Re8 10. e3 Bf5 11. Qe2 Nbd7 12. cxd5 Nxd5 13. Nh4 Be6 14. Ne4 Nc7 15. Nc5
Nxc5 16. Bxc5 axb3 17. axb3 Bxb3 18. Qb2 Bc4 19. Rxa8 Qxa8 20. Rb1 Ba6 21. Nf3
Qc8 22. Ne5 Ne6 23. Bb6 Nf8 24. Rc1 Qf5 25. h4 Nd7 26. Nxd7 Qxd7 27. Qa3 Bb5 28.
d5 h5 29. dxc6 Bxc6 30. Bxc6 bxc6 31. Qa4 Rc8 32. Bd4 e5 33. Bc5 Qd2 34. Rd1 Qe2
35. Rc1 Qf3 36. Bd6 Qg4 37. Qa6 Qe6 38. Qb7 e4 39. Ba3 Be5 40. Kg2 Qg4 41. Qe7
Qf5 42. Kg1 Kh7 43. Bd6 Bg7 44. Rc5 Qf3 45. Bf4 Qd1+ 46. Kg2 Qf3+ 47. Kg1 Qd1+
48. Kg2 Qf3+ 1/2-1/2

[Event "2nd Du Te Cup 2018"]
[Site "Shenzhen CHN"]
[Date "2018.11.07"]
[Round "4.3"]
[White "Wojtaszek, Radoslaw"]
[Black "Giri, Anish"]
[Result "1/2-1/2"]
[WhiteTitle "GM"]
[BlackTitle "GM"]
[WhiteElo "2749"]
[BlackElo "2780"]
[WhiteFideId "1118358"]
[BlackFideId "24116068"]
[EventDate "2018.11.04"]

1. d4 Nf6 2. c4 e6 3. Nf3 d5 4. g3 Be7 5. Bg2 O-O 6. O-O dxc4 7. Qc2 a6 8. a4
Bd7 9. Qxc4 Bc6 10. Bg5 Nbd7 11. Nbd2 Rc8 12. Qc2 h6 13. Bxf6 Nxf6 14. Rfd1 Bb4
15. Rac1 Qd6 16. Nc4 Qe7 17. Nfe5 Bxg2 18. Kxg2 c5 19. dxc5 Bxc5 20. Qb3 Rc7 21.
Nd3 Rfc8 22. Nce5 Bd4 23. Rxc7 Rxc7 24. e3 Bxe5 25. Nxe5 Nd7 26. Nxd7 Rxd7 27.
Rxd7 Qxd7 28. Qb4 Qc6+ 29. Kg1 Qc1+ 30. Kg2 Qc6+ 1/2-1/2

[Event "2nd Du Te Cup 2018"]
[Site "Shenzhen CHN"]
[Date "2018.11.08"]
[Round "5.2"]
[White "Yu, Yangyi"]
[Black "Vitiugov, Nikita"]
[Result "1-0"]
[WhiteTitle "GM"]
[BlackTitle "GM"]
[WhiteElo "2764"]
[BlackElo "2709"]
[WhiteFideId "8603820"]
[BlackFideId "4152956"]
[EventDate "2018.11.04"]

1. e4 e5 2. Nf3 Nc6 3. Bb5 a6 4. Ba4 Nf6 5. O-O Nxe4 6. d4 b5 7. Bb3 d5 8. dxe5
Be6 9. c3 Be7 10. Re1 O-O 11. Nbd2 Nc5 12. Nd4 Qd7 13. Bc2 Bg4 14. f3 Bh5 15.
Bf5 Ne6 16. N2b3 Rfd8 17. Be3 Bf8 18. h4 Re8 19. Bf2 Bg6 20. Bg4 h5 21. Bh3
Ncxd4 22. cxd4 Bb4 23. Re2 Qd8 24. a3 Bf8 25. g3 a5 26. f4 a4 27. Nc1 f5 28. Qd3
c5 29. Bxf5 c4 30. Qc2 Bxf5 31. Qxf5 Qb6 32. Qg6 Qa7 33. Rd2 Qf7 34. Qxf7+ Kxf7
35. f5 Nc7 36. Ne2 b4 37. axb4 Bxb4 38. Rdd1 Nb5 39. Nf4 Red8 40. Kf1 a3 41.
bxa3 Rxa3 42. Rxa3 Nxa3 43. Ra1 c3 44. Ke2 c2 45. Be3 Nb5 46. Kd3 Rc8 47. Nxd5
Ba3 48. Bc1 Bxc1 49. Rxc1 Rd8 50. Kc4 Na3+ 51. Kc5 Rb8 52. Nb6 Rb7 53. Kc6 1-0

[Event "2nd Du Te Cup 2018"]
[Site "Shenzhen CHN"]
[Date "2018.11.10"]
[Round "6.1"]
[White "Ding, Liren"]
[Black "Giri, Anish"]
[Result "1/2-1/2"]
[WhiteTitle "GM"]
[BlackTitle "GM"]
[WhiteElo "2816"]
[BlackElo "2780"]
[WhiteFideId "8603677"]
[BlackFideId "24116068"]
[EventDate "2018.11.04"]

1. c4 e5 2. Nc3 Nf6 3. Nf3 Nc6 4. g3 d5 5. cxd5 Nxd5 6. Bg2 Nb6 7. O-O Be7 8. a3
O-O 9. d3 Be6 10. Be3 f5 11. Rc1 Kh8 12. b4 a6 13. Re1 Rb8 14. Bxb6 cxb6 15. e3
Bf6 16. d4 exd4 17. exd4 Bg8 18. Ne2 Qd6 19. Qd3 g6 20. b5 axb5 21. Qxb5 Rbd8
22. a4 Bd5 23. Ne5 Bxg2 24. Kxg2 Nxe5 25. dxe5 Bxe5 26. Rb1 f4 27. gxf4 Bxf4 28.
Red1 Qe6 29. Rxd8 Rxd8 30. Nxf4 Qg4+ 31. Kf1 Qxf4 32. Qb2+ Kg8 33. Qb3+ Kf8 34.
Qa3+ Kg8 35. Qb3+ 1/2-1/2

[Event "2nd Du Te Cup 2018"]
[Site "Shenzhen CHN"]
[Date "2018.11.10"]
[Round "6.3"]
[White "Wojtaszek, Radoslaw"]
[Black "Yu, Yangyi"]
[Result "1/2-1/2"]
[WhiteTitle "GM"]
[BlackTitle "GM"]
[WhiteElo "2749"]
[BlackElo "2764"]
[WhiteFideId "1118358"]
[BlackFideId "8603820"]
[EventDate "2018.11.04"]

1. d4 Nf6 2. c4 e6 3. Nf3 d5 4. g3 Bb4+ 5. Bd2 Be7 6. Bg2 O-O 7. O-O c6 8. Qb3
b6 9. Nc3 Bb7 10. Rfd1 Nbd7 11. Rac1 Rc8 12. Ne1 c5 13. cxd5 cxd4 14. d6 Bxg2
15. dxe7 Qxe7 16. Nxg2 Nc5 17. Qa3 dxc3 18. Bxc3 Rfd8 19. Rxd8+ Rxd8 20. Bb4 Qb7
21. Ne3 h6 22. Bxc5 bxc5 23. Qa5 Rd4 24. b3 Nd7 25. Qd8+ Nf8 26. Qa5 Nd7 27. Nc4
Rd5 28. f3 Nb8 29. Ne3 Nc6 30. Qe1 Re5 31. Nc4 Rd5 32. Ne3 Re5 33. Qd2 Nd4 1/2-1/2

[Event "2nd Du Te Cup 2018"]
[Site "Shenzhen CHN"]
[Date "2018.11.11"]
[Round "7.1"]
[White "Yu, Yangyi"]
[Black "Giri, Anish"]
[Result "1/2-1/2"]
[WhiteTitle "GM"]
[BlackTitle "GM"]
[WhiteElo "2764"]
[BlackElo "2780"]
[WhiteFideId "8603820"]
[BlackFideId "24116068"]
[EventDate "2018.11.04"]

1. d4 Nf6 2. c4 e6 3. Nc3 Bb4 4. Nf3 O-O 5. Qc2 d5 6. a3 Bxc3+ 7. bxc3 c5 8. e3
b6 9. cxd5 exd5 10. Be2 Ba6 11. O-O Bxe2 12. Qxe2 Nbd7 13. a4 Re8 14. c4 cxd4
15. Nxd4 Ne5 16. cxd5 Qxd5 17. Bb2 Nc4 18. Nb5 Nxb2 19. Qxb2 Qe5 20. Qxe5 Rxe5
21. Rfc1 Ne8 22. Kf1 g6 23. Ke2 h5 24. Rc6 Kg7 25. h3 Re4 26. Nd4 Re7 27. Rac1
Rd8 28. R6c4 Rdd7 29. Nc6 Re6 30. Nd4 Ree7 31. Nc6 1/2-1/2

[Event "2nd Du Te Cup 2018"]
[Site "Shenzhen CHN"]
[Date "2018.11.11"]
[Round "7.3"]
[White "Vitiugov, Nikita"]
[Black "Wojtaszek, Radoslaw"]
[Result "1-0"]
[WhiteTitle "GM"]
[BlackTitle "GM"]
[WhiteElo "2709"]
[BlackElo "2749"]
[WhiteFideId "4152956"]
[BlackFideId "1118358"]
[EventDate "2018.11.04"]

1. Nf3 d5 2. e3 Nf6 3. c4 e6 4. Nc3 Bd6 5. b3 c5 6. Bb2 Nc6 7. cxd5 exd5 8. d4
cxd4 9. Nxd4 O-O 10. Be2 Re8 11. O-O Nxd4 12. Qxd4 Be5 13. Qd2 d4 14. exd4 Qxd4
15. Qxd4 Bxd4 16. Bf3 Be6 17. Rad1 Bxc3 18. Bxc3 Rac8 19. Bd4 b6 20. Rd2 Bf5 21.
Be3 Be4 22. Bxe4 Rxe4 23. Rfd1 Kf8 24. h3 Re6 25. Rd4 h6 26. Ra4 Re7 27. Rdd4
Ke8 28. g4 Rd8 29. Rxd8+ Kxd8 30. g5 Ng8 31. Bxb6+ axb6 32. Ra8+ Kd7 33. Rxg8
hxg5 34. Rxg7 1-0

[Event "2nd Du Te Cup 2018"]
[Site "Shenzhen CHN"]
[Date "2018.11.12"]
[Round "8.1"]
[White "Ding, Liren"]
[Black "Yu, Yangyi"]
[Result "1-0"]
[WhiteTitle "GM"]
[BlackTitle "GM"]
[WhiteElo "2816"]
[BlackElo "2764"]
[WhiteFideId "8603677"]
[BlackFideId "8603820"]
[EventDate "2018.11.04"]

1. c4 e5 2. Nc3 Nf6 3. Nf3 Nc6 4. g3 d5 5. cxd5 Nxd5 6. Bg2 Nb6 7. O-O Be7 8. a3
O-O 9. b4 Re8 10. Rb1 Bf8 11. d3 Bg4 12. h3 Bh5 13. Bg5 f6 14. Be3 Bf7 15. Nd2
Rb8 16. Nb3 Ne7 17. Bc5 Ned5 18. Qc2 Nxc3 19. Qxc3 Na4 20. Qc2 Nxc5 21. Nxc5 c6
22. a4 Qe7 23. Rfc1 Rbc8 24. Ne4 Red8 25. h4 Rd4 26. b5 Rb4 27. Rxb4 Qxb4 28.
Nd2 Qd4 29. bxc6 bxc6 30. Qd1 Qb6 31. Nc4 Qd8 32. Qe1 Bd5 33. Ne3 Bxg2 34. Kxg2
a5 35. Qc3 Bb4 36. Qc4+ Kh8 37. Qe6 c5 38. Nd5 Qe8 39. Qxe8+ Rxe8 40. h5 f5 41.
e4 g6 42. h6 Rd8 43. Kf3 Kg8 44. Ke2 Kf7 45. Nxb4 cxb4 46. Rc7+ Kf6 47. Rxh7
fxe4 48. dxe4 Kg5 49. Re7 Kxh6 50. Rxe5 b3 51. Rb5 Rd4 52. Ke3 Rxa4 53. Rxb3 Ra2
54. Rb6 a4 55. f3 a3 56. Ra6 Rg2 57. Kf4 a2 58. g4 Rf2 59. e5 Rb2 60. Ra7 Rb4+
61. Kg3 Rb5 62. f4 g5 63. f5 Rxe5 64. Rxa2 Re3+ 65. Kf2 Re4 66. Kf3 Rf4+ 67. Kg3
Rb4 68. Ra6+ Kh7 69. Rg6 Rb3+ 70. Kf2 Rb2+ 71. Ke3 Rb3+ 72. Ke2 Rb2+ 73. Kd3
Rb3+ 74. Ke4 1-0

[Event "2nd Du Te Cup 2018"]
[Site "Shenzhen CHN"]
[Date "2018.11.12"]
[Round "8.2"]
[White "Giri, Anish"]
[Black "Vitiugov, Nikita"]
[Result "1/2-1/2"]
[WhiteTitle "GM"]
[BlackTitle "GM"]
[WhiteElo "2780"]
[BlackElo "2709"]
[WhiteFideId "24116068"]
[BlackFideId "4152956"]
[EventDate "2018.11.04"]

1. c4 c6 2. Nf3 d5 3. e3 Nf6 4. Qc2 g6 5. b3 Bg7 6. Bb2 O-O 7. Be2 b6 8. O-O Bb7
9. d4 Nbd7 10. Nc3 Re8 11. Ne5 c5 12. Nxd7 Qxd7 13. dxc5 dxc4 14. cxb6 cxb3 15.
Qxb3 axb6 16. Bb5 Bc6 17. Rfd1 Qb7 18. Bxc6 Qxc6 19. Rac1 Qb7 20. Nb5 Rec8 21.
h3 Rxc1 22. Rxc1 Rc8 23. Rc4 Rxc4 24. Qxc4 Nd7 25. Bxg7 Kxg7 26. Nc3 Nf6 27. Qd4
Qc7 28. f4 Kg8 29. a4 h5 30. Kh2 Nd7 31. Ne4 Qc6 32. Ng5 f6 33. Ne4 Kf7 34. Nc3 1/2-1/2

[Event "2nd Du Te Cup 2018"]
[Site "Shenzhen CHN"]
[Date "2018.11.13"]
[Round "9.2"]
[White "Vitiugov, Nikita"]
[Black "Yu, Yangyi"]
[Result "1/2-1/2"]
[WhiteTitle "GM"]
[BlackTitle "GM"]
[WhiteElo "2709"]
[BlackElo "2764"]
[WhiteFideId "4152956"]
[BlackFideId "8603820"]
[EventDate "2018.11.04"]

1. d4 Nf6 2. c4 e6 3. Nf3 d5 4. Nc3 Be7 5. Bf4 O-O 6. a3 Nbd7 7. Nb5 Ne8 8. e3
Ndf6 9. Rc1 c6 10. Nc3 b6 11. Qa4 Bb7 12. cxd5 exd5 13. Ne5 b5 14. Qc2 Nc7 15.
Bd3 Ne6 16. Bg3 c5 17. dxc5 Bxc5 18. Nxb5 d4 19. exd4 Nxd4 20. Nxd4 Bxd4 21. O-O
Re8 22. Nf3 Rc8 23. Bc7 Qd5 24. Rfd1 Bb6 25. Bxh7+ Nxh7 26. Rxd5 Bxd5 27. Qd2
Rxc7 28. Rxc7 Bxf3 29. Rc1 Bg4 30. h3 Be6 31. Rc6 Nf6 32. Qb4 Nd5 33. Qd6 Bd4
34. Rc2 Bb6 35. Rc6 Bd4 36. Rc2 Bb6 1/2-1/2

[Event "2nd Du Te Cup 2018"]
[Site "Shenzhen CHN"]
[Date "2018.11.13"]
[Round "9.3"]
[White "Wojtaszek, Radoslaw"]
[Black "Ding, Liren"]
[Result "1/2-1/2"]
[WhiteTitle "GM"]
[BlackTitle "GM"]
[WhiteElo "2749"]
[BlackElo "2816"]
[WhiteFideId "1118358"]
[BlackFideId "8603677"]
[EventDate "2018.11.04"]

1. d4 Nf6 2. c4 e6 3. Nf3 d5 4. g3 Bb4+ 5. Bd2 Be7 6. Bg2 O-O 7. O-O c6 8. Bf4
Nbd7 9. Qc2 b6 10. cxd5 cxd5 11. Rc1 Bb7 12. Qb3 Rc8 13. Rxc8 Qxc8 14. Nc3 a6
15. Rc1 Qa8 16. Na4 b5 17. Nc5 Nxc5 18. dxc5 d4 19. a4 Bd5 20. Qd3 bxa4 21. Qxd4
Rc8 22. Qxa4 Rxc5 23. Ne1 Rxc1 24. Bxc1 Bxg2 25. Nxg2 Nd5 26. Nf4 Nxf4 27. Bxf4
Bf8 28. Be3 Qc8 29. h4 h5 30. b3 g6 1/2-1/2

[Event "2nd Du Te Cup 2018"]
[Site "Shenzhen CHN"]
[Date "2018.11.14"]
[Round "10.1"]
[White "Ding, Liren"]
[Black "Vitiugov, Nikita"]
[Result "1/2-1/2"]
[WhiteTitle "GM"]
[BlackTitle "GM"]
[WhiteElo "2816"]
[BlackElo "2709"]
[WhiteFideId "8603677"]
[BlackFideId "4152956"]
[EventDate "2018.11.04"]

1. c4 c6 2. Nf3 d5 3. d4 Nf6 4. e3 Bf5 5. Nc3 a6 6. Bd3 Bxd3 7. Qxd3 e6 8. O-O
Bb4 9. a3 Bxc3 10. bxc3 b5 11. cxb5 axb5 12. a4 Ne4 13. Ba3 Rxa4 14. Bb4 Ra6 15.
Ne5 f6 16. Rxa6 Nxa6 17. Nxc6 Qb6 18. Na5 Kf7 19. f3 Nxb4 20. cxb4 Nd6 21. Nb3
Qc6 22. Nc5 h6 23. e4 Nc4 24. e5 fxe5 25. dxe5 Nxe5 26. Qd4 Ng6 27. f4 Re8 28.
f5 exf5 29. Rxf5+ Kg8 30. Qxd5+ Qxd5 31. Rxd5 Nf4 32. Rf5 Ne2+ 33. Kf2 Nd4 34.
Rf4 Rf8 35. Rxf8+ Kxf8 36. Nd3 Ke7 37. Ke3 Nc6 38. Ke4 Ke6 39. h4 Kd6 40. g4 Ke6
41. Nf4+ Kf7 42. Nd3 Ke6 1/2-1/2